Statistics for Fast Typing (Words)

Click here to take the quiz!

General Stats

  • This quiz has been taken 86 times
  • The average score is 5 of 15

Answer Stats

HintAnswer% Correct
OutstandingOutstanding
98%
FriendshipFriendship
85%
CalypsoCalypso
41%
MassachusettsMassachusetts
39%
MisfortuneMisfortune
31%
VocabularyVocabulary
31%
EyjafjallajokullEyjafjallajokull
24%
DestinationDestination
22%
SeisometersSeisometers
19%
ReputationReputation
17%
UnbelievableUnbelievable
17%
Ottoman EmpireOttoman Empire
13%
PaleaontologistPaleaontologist
6%
PhysicistPhysicist
6%
Sri Jayawardenapura KotteSri Jayawardenapura Kotte
4%

Score Distribution

Percentile by Number Answered

Percent of People with Each Score

Your Score History

You have not taken this quiz